| 000 | 01605nam a22003977a 4500 | ||
|---|---|---|---|
| 003 | CHAP | ||
| 005 | 20220329143739.0 | ||
| 008 | 110527s2011 mx r 00010 spa d | ||
| 010 | _a101331 | ||
| 011 | _a102303 | ||
| 035 | _a112991 | ||
| 040 | _cCHAP | ||
| 090 | _aTesis | ||
| 100 | 1 |
_aGuzmán Pérez, Paola. _951996 |
|
| 245 | 1 | 0 |
_aEstudio técnico - económico para establecer una planta productora de champiñones (Agaricus bisporus), (Lange) sing, en Tequexquinahuac, Edo. de México _h[En línea] _c/por Paola Guzmán Pérez |
| 260 |
_aChapingo, Méx. : _bEl autor, _c2011 |
||
| 500 | _aParaver el contenido del material haga clic en la liga | ||
| 502 | _aTesis (Ing. Agroindustrial) -- UACH. Departamento de Ingeniería Agroindustrial | ||
| 590 |
_aALEPH _b10 _c20130110 _lUCH01 _h1540 |
||
| 590 |
_aBATCH-UPD _b10 _c20130110 _lUCH01 _h0906 |
||
| 590 |
_aBATCH-UPD _b10 _c20130410 _lUCH01 _h0533 |
||
| 590 |
_aBATCH-UPD _b10 _c20130914 _lUCH01 _h1302 |
||
| 590 |
_aBATCH-UPD _b10 _c20140324 _lUCH01 _h1525 |
||
| 590 |
_aBATCH-UPD _b10 _c20141002 _lUCH01 _h0849 |
||
| 590 |
_aCONVERSION _b10 _c20130109 _lUCH01 _h1356 |
||
| 650 | 1 | 4 |
_aAgaricus bisporus. _91063 |
| 650 | 1 | 4 |
_aEmpresas. _936635 |
| 650 | 1 | 4 |
_aHongos _xMéxico (Edo.) _956109 |
| 650 | 1 | 4 |
_aHongos _xRendimiento. _956118 |
| 650 | 1 | 4 |
_aProyectos _xEvaluación. _992525 |
| 856 |
_3Finding aid _uhttp://10.13.5.2/tesis/112991.pdf _zTeclea aqui |
||
| 901 | _aBK | ||
| 942 | _cFOLL | ||
| 949 |
_aTesis _bBC _cTES _d33724002251025 _eTS1 _gDonaciØn _h52229 _i112991 _st |
||
| 949 |
_aTesis _bBC _cTES _d33724002251066 _eTS2 _fc.2 _gDonaciØn _h52300 _i112991 _st |
||
| 999 |
_c101331 _d101331 |
||